| 000 | 01030nam a2200229Ia 4500 | ||
|---|---|---|---|
| 001 | L221-4799 | ||
| 003 | IT-CnALBA | ||
| 008 | 170116s9999||||xx |||||||||||||| ||und|| | ||
| 040 |
_aIT-CnALBA _cIT-CnALBA |
||
| 041 | _aITALIANO | ||
| 100 | _aMOSÈ, PROFETA | ||
| 245 | 0 | _aLEGISLAZIONE MOSAICA. | |
| 250 | _a1a ed. | ||
| 260 |
_a TO BO CT PA _bSOCIETÀ ED. INTER. _c1931 [1° Ed.:1931 - Ed.Ling.Originale: 1931] |
||
| 300 | _a90 p. (prefazione: 34) | ||
| 500 | _aANTICO TESTAMENTO. PENTATEUCO. ANTICO TESTAMENTO. SINAI. TAVOLE DELLA LEGGE. CULTO. NORME SOCIALI. LEGGI SACRE. SACRIFICI. FESTE. FORMULE DI BENEDIZIONI. CITTÀ DEI LEVITI. | ||
| 501 | _aSocietà San Paolo EM - Piazza San Paolo, 14 - 12051 ALBA (CN) (non commercial uses only) ® Copyright 2017 | ||
| 520 | _aANTICO TESTAMENTO. PENTATEUCO. ANTICO TESTAMENTO. SINAI. TAVOLE DELLA LEGGE. CULTO. NORME SOCIALI. LEGGI SACRE. SACRIFICI. FESTE. FORMULE DI BENEDIZIONI. CITTÀ DEI LEVITI. | ||
| 650 | _aANTICO TESTAMENTO | ||
| 942 | _cBK | ||
| 957 | _71 | ||
| 999 |
_a5782 _bSI _g Copie: 1 _c263990 _d263990 |
||